Văn thơ Hồ Chí Minh tác phẩm và lời bình

保存先:
書誌詳細
フォーマット: 図書
言語:Vietnamese
出版事項: H. Văn học 2007
主題:
タグ: タグ追加
タグなし, このレコードへの初めてのタグを付けませんか!
Thư viện lưu trữ: Mạng thư viện Đại học Đà Nẵng
LEADER 01119nam a2200349 4500
001 000008262
003 4447
005 20111114141138.0
008 111014s2007 viesd
020 |c 27000đ 
041 0 |a vie 
082 |a 895.92208  |b HO-M 
245 0 |a Văn thơ Hồ Chí Minh tác phẩm và lời bình  |c Tôn Thao Miên tuyển chọn 
260 |a H.  |b Văn học  |c 2007 
300 |a 178 tr.  |c 24 cm. 
500 |a ĐTTS: Văn học hiện đại Việt Nam 
653 |a Văn 
653 |a Thơ 
653 |a Hồ Chí Minh 
653 |a Tác phẩm 
653 |a Lời bình 
910 |a Huỳnh Thị Cẩm Lai  |d 14/10/2011 
OWN |a LSP 
AVA |a UDN50  |b LSP  |d 895.92208 HO-M  |e available  |t Error 5001 Not defined in file expand_doc_bib_avail.  |f 5  |g 0  |h N  |i 1  |k 1 
999 |a From the UDN01 
AVA |a UDN50  |b LSP  |d 895.92208 HO-M  |e available  |t Error 5001 Not defined in file expand_doc_bib_avail.  |f 5  |g 0  |h N  |i 1  |k 1 
TYP |a Monograph 
TYP |a Printed language 
980 |a Mạng thư viện Đại học Đà Nẵng